| 000 | 00485nam a2200205Ia 4500 | ||
|---|---|---|---|
| 001 | 1393 | ||
| 003 | GE_BSU | ||
| 008 | 181216s||||||||xx |||||||||||||| ||und|| | ||
| 040 | _cGE_BSU | ||
| 080 | _a551.46 | ||
| 245 | _aНаука об океане. | ||
| 245 | _cСокр. пер.. с английского. | ||
| 260 | _aМосква | ||
| 260 | _bПрогресс | ||
| 260 | _c1981 | ||
| 300 | _a392 с. 20 см. | ||
| 541 | _h12 л. | ||
| 653 | _aОкеане | ||
| 942 | _cBK | ||
| 999 |
_c35532 _d35532 |
||